La abadía de Northanger (Registro nro. 13612)

Detalles MARC
000 -Cabecera
Campo de control de longitud fija 00487nam a2200205 4500
005 - Fecha y hora de la última transacción
Campo de control 20240207122639.0
008 - Elementos de longitud fija--Información general
Campo de control de longitud fija 240207b2022 |||||||| |||| 00| 0 spa d
020 ## - International Standard Book Number
Número Internacional Estándar del Libro (ISBN) 9788418395673
041 ## - Idioma
Código de idioma Español
082 ## - Clasificación Decimal Dewey
Número de clasificación 823.7 A933a
100 ## - Entrada principal--Autor personal
Nombre personal Austen, Jane
9 (RLIN) 2187
245 ## - Título propiamente dicho
Título La abadía de Northanger
260 ## - Pie de imprenta
Lugar de publicación, distribución, etc. España
260 ## - Pie de imprenta
Nombre del editor, distribuidor, etc. Editorial Alma
260 ## - Pie de imprenta
Fecha de publicación, distribución, etc. 2022
300 ## - Descripción física
Extensión 268 páginas
650 ## - Materia general
Temática (materia general) LITERATURA INGLESA
650 ## - Materia general
Temática (materia general) NOVELA INGLESA
942 ## - Punto de acceso adicional KOHA
Fuente del sistema de clasificación o colocación Dewey Decimal Classification
Tipo de ítem KOHA Literatura
Existencias
Signatura completa Código de barras Tipo de ítem
823.7 A933a 25886 Literatura